000 00858nam a22002177a 4500
999 _c13646
_d13646
003 AR-CdUCM
008 190416b ||||| |||| 00| 0 spa d
040 _aMUNICIPALIDAD PROVINCIAL DEL CUSCO
_cBIBLIOTECA MUNICIPAL DEL CUSCO
082 _aC / 985.61 /
_bL28 / 1970
100 _aLandázuri C. Virgilio
_932144
245 _aLos arrendires del valle de la Convención /
260 _aCuzco :
_bInstitutos de estudios socio-jurídicos,
_c1970.
300 _a36 páginas ;
_c27 cm.
440 _aDesarrollo e integración
_n2
_932145
505 _aContenido : Informe sobre los problemas de los arrendires del valle de la Convención -- El medio geográfico -- Topografía -- Las vías de comunicación ...
650 _aArrendires
_932146
650 _aConvención
_932147
650 _aCusco
_9772
942 _2ddc
_cLIBROS
945 _arah
_d16/04/2019